| 000 | 00550nam a2200205Ia 4500 | ||
|---|---|---|---|
| 005 | 20250326143618.0 | ||
| 008 | 250326s9999 xx 000 0 und d | ||
| 020 | _a0-333-92625-0 | ||
| 037 | _aTextbook | ||
| 040 |
_aFMSL _beng _cFMSL |
||
| 041 |
_aeng _2eng |
||
| 084 |
_aS:f P0 _qFMSL |
||
| 100 |
_aBanyard P _9748265 |
||
| 245 | 0 |
_aInteroducing psychological research _cBanyard P; Grayson A |
|
| 250 | _a2 | ||
| 260 |
_aNew York _bNew York, Palgrave _c2000 |
||
| 300 | _a531p | ||
| 942 |
_cTB _hS:f P0 |
||
| 999 |
_c1300269 _d1300269 |
||